Word Ladder: 'Conjoined' 2016 Candidate Quiz Stats

 Plays Quiz Updated Mar 21, 2016

Challenge
Share
Tweet
Embed
Score 0/14 Timer 04:00
2 Plays Today
▶▶ 4-letter clue ▶▶ Words (4 + 3) % Correct
TV's 'Saved by the ____'BELL~FLY
97.4%
Heaven's oppositeHELL~FRY
96.4%
A dance with Lucille?BALL~PLY
88.7%
Location of a goateeCHIN~PAD
88.3%
Give a round o'applauseCLAP~TIP
87.2%
Become dry, like lipsCHAP~TAP
82.1%
Edible salsa scooper CHIP~TAD
81.6%
▶▶ 4-letter clue ▶▶ Words (4 + 3) % Correct
Cook, as in a cauldron BOIL~PSI
80.3%
Mint a catchphrase COIN~PHD
79.9%
Shape of a springCOIL~PHI
79.8%
Close-knit groupCLAN~TIN
79.8%
Rid water from a boat BAIL~PSY
79.8%
★ First name of the ... ★★ HILLARY ★
79%
★ Last name of the ... ★★ CLINTON ★
78.2%

Today's Daily Dose

You're not logged in!

Compare scores with friends on all Sporcle quizzes.
OR
Log In

You Might Also Like...

Show Comments

Extras

Top Quizzes Today


Score Distribution

Your Account Isn't Verified!

In order to create a playlist on Sporcle, you need to verify the email address you used during registration. Go to your Sporcle Settings to finish the process.

Report this User

Report this user for behavior that violates our Community Guidelines.

Details: